LEADER 00721nam a2200193 i 4500 001 000000201864 003 CaOOAMICUS 005 20110509000000.0 008 110509n it u000 u fre u 013 $a180570 026 $aesit le6. n-le lavr (3) 1769 (R) 040 $aSeMil$bita 245 10$aTome second. 300 $a489 p. 500 $aFregi xilografati sul frontespizio e nel testo. - Iniz. ornate. 773 0 $aLa Croix, Jean-François : de$tDictionnaire historique portatif des femmes célebres.$dA Paris : chez L. Cellot, 1769.$g2$w()16061 850 $aSeMil 852 $aSeMil$W1$xVenegono$y1$m1A I 31 FA$j152390$B152390$CSeMilBibl$Z2$F163514 $8I 996 $6245$aTome second$9(OLS)http://semarc/title/137745 LEADER 01044nam a2200193 i 4500 001 000000203888 003 CaOOAMICUS 005 20110708000000.0 008 110708s1771 it u000 u ita u 013 $a182603 026 $at-an e.el n-i- didi (3) 1771 (R) 040 $aSeMil$bita 245 10$aVolume secondo contenente i tre ultimi libri di Negozi ed altre opere delle quali vedi l'avviso ai lettori. 300 $aXII, 384 p. 500 $aIniziali e fregi xilogr. - Segn : a6 A-2Z4 3A-3B2 3C4. 773 0 $aCastiglione, Baldassare <1478-1529>$tLettere del conte Baldessar Castiglione ora per la prima volta date in luce e con annotazioni storiche illustrate dall'abate Pierantonio Serassi. Volume primo [-secondo].$dIn Padova : Presso Giuseppe Comino, 1769-1771.$g2$w()25181 850 $aSeMil 852 $aSeMil$W1$xVenegono$y1$m1G VI 7 FA$j154382$B154382$CSeMilBibl$Z2$F165262 $8I 996 $6245$aVolume secondo contenente i tre ultimi libri di Negozi ed altre opere delle quali vedi l'avviso ai lettori$9(OLS)http://semarc/title/295372